000
00342nam a2200145Ia 4500
008
191201s2009 xx 000 0 und d
082
_a
658.421
_b
FEC
100
_a
FERNANDO, AC
245
0
_a
Corporate Governance Principle, Policy
250
_a
IMP
260
_a
N.Delhi
_b
Pearson
_c
2009
300
_a
575
650
_a
MBA
942
_2
ddc
_c
BK
999
_c
4127
_d
4127